| 000 | 00460nam a2200193Ia 4500 | ||
|---|---|---|---|
| 008 | 151119s9999||||xx |||||||||||||| ||und|| | ||
| 082 | _a823.91 | ||
| 082 | _bGKKV16611 | ||
| 100 | _aCOLIN WILSON | ||
| 245 | _aTHE SEX DIARY OF GERARD SOME | ||
| 260 | _a-- | ||
| 260 | _b-- | ||
| 260 | _c0 | ||
| 600 | _aCOLIN WILSON | ||
| 630 | _aTHE SEX DIARY OF GERARD SOME | ||
| 700 | _aCOLIN WILSON | ||
| 730 | _aTHE SEX DIARY OF GERARD SOME | ||
| 942 | _cBOOK | ||
| 999 |
_c1069868 _d1069865 |
||